Statistics for Oceanian countries by population

Click here to take the quiz!

General Stats

  • This quiz has been taken 21 times
    (5 since last reset)
  • The average score is 22 of 23

Answer Stats

HintAnswer% Correct
US Territory55,262AAmerican Samoa
100%
Country25,325,011AAustralia
100%
NZ Territory17,555CCook Islands
100%
Country882,662FFiji
100%
French Territory279,954FFrench Polynesia
100%
Country113,815M(F. S.) Micronesia
100%
US Territory167,903GGuam
100%
Country118,362KKiribati
100%
Country58,955MMarshall Islands
100%
Country10,784NNauru
100%
French Territory283,879NNew Caledonia
100%
Country4,799,162NNew Zealand
100%
NZ Territory1,620NNiue
100%
Country18,043PPalau
100%
Country8,846,126PPapua New Guinea
100%
Country197,693SSamoa
100%
Country676,800SSolomon Islands
100%
Country104,987TTonga
100%
Country11,706TTuvalu
100%
Country302,853VVanuatu
100%
US Territory57,357NNorthern Mariana Islands
67%
NZ Territory1,347TTokelau
67%
French Territory11,352WWallis and Futuna
33%

Score Distribution

Percentile by Number Answered

Percent of People with Each Score

Your Score History

You have not taken this quiz since the last reset